| 000 | 00694nam a22002297a 4500 | ||
|---|---|---|---|
| 999 |
_c6384 _d6384 |
||
| 003 | AR-CdUCM | ||
| 008 | 190315b ||||| |||| 00| 0 spa d | ||
| 040 |
_aMUNICIPALIDAD PROVINCIAL DEL CUSCO _cBIBLIOTECA MUNICIPAL DEL CUSCO |
||
| 082 |
_a869.62 / _bP22 |
||
| 100 |
_aPareja Diezcanseco, Alfredo _918184 |
||
| 245 | _aLas pequeñas estaturas / | ||
| 260 |
_aQuito _bPublicaciones Educativas Ariel, |
||
| 300 |
_a144 paginas ; _c18 cm. |
||
| 440 |
_aClásicos ARIEL _918185 |
||
| 500 | _aDonación familia Nieto | ||
| 505 | _aContenido :Novela / | ||
| 650 |
_aLiteratura ecuatoriana _911889 |
||
| 650 |
_aNovelas _9218 |
||
| 650 |
_aSiglo XX _98 |
||
| 942 |
_2ddc _cLIBROS |
||
| 945 | _arjall | ||